Statistics for Every Premier League No 9 2018-19

Click here to take the quiz!

General Stats

  • This quiz has been taken 14 times
  • The average score is 5 of 16

Answer Stats

ClubAnswer% Correct
Man UtdRomelu Lukaku
78%
LeicesterJamie Vardy
67%
ArsenalAlexandre Lacazette
56%
LiverpoolRoberto Firmino
56%
Crystal PalaceAlexander Sorloth
33%
BournemouthLys Mousset
33%
BurnleySam Vokes
33%
West HamAndy Carroll
22%
SouthamptonDanny Ings
22%
WolvesRaul Jimenez
22%
WatfordTroy Deeney
22%
CardiffDanny Ward
11%
HuddersfieldElias Kachunga
11%
BrightonJurgen Locadia
11%
NewcastleSalomon Rondon
11%
FulhamAlecsandar Mitrovic
0%

Score Distribution

Percentile by Number Answered

Percent of People with Each Score

Your Score History

You have not taken this quiz